|
|
|
|
| LEADER |
00000nab a2200000 a 4500 |
| 001 |
vtls008184628 |
| 003 |
SK-MaSNL |
| 005 |
20260305013731.0 |
| 008 |
050715 2005 xo e r 000 0 slo |
| 015 |
|
|
|a KEVKJB2005
|
| 040 |
|
|
|a VKJB
|b slo
|c VKJB
|e AACR2
|
| 041 |
0 |
|
|a slo
|
| 044 |
|
|
|a xo
|c SK
|
| 080 |
|
|
|a 027.53
|2 UDC-MRF-SK2
|
| 100 |
1 |
|
|a Šimko, Ján,
|d 1977-
|4 aut
|9 194683
|
| 245 |
1 |
0 |
|a Bol utorok-
|c Ján Šimko
|
| 300 |
|
|
|b Obr.
|
| 610 |
2 |
7 |
|a Verejná knižnica Jána Bocatia v Košiciach
|2 kevkjb
|9 29554
|
| 611 |
2 |
7 |
|a Týždeň slovenských knižníc
|d (2005 :
|c Košice, Slovensko)
|2 kevkjb
|9 73585
|
| 651 |
|
7 |
|a Košice (Slovensko)
|2 kevkjb
|9 18694
|
| 773 |
0 |
|
|t Knihovník
|g Roč. 27, č. 1 (2005), s. 15-17
|
| 852 |
|
|
|a KEVKJB
|b KIS3GCP
|
| 856 |
4 |
1 |
|u http://www.vkjb.sk/vkjb_zdroje/casopis_knihovnik/2005_01/15.pdf
|
| 999 |
|
|
|c 3265674
|d 3267604
|